00825nam a22001937a 450000500170000001000150001702000260003203500140005803700090007208200110008110000260009224500870011826000310020527001430023630000240037994200250040399900190042895201840044720240823111116.0 aENG-141400 a9788119403752c825.00 aEN-124932 bDBAD a363.35 aSaxena, Namit 970462 aConcise Commentary on the Bharatia Nagarik Suraksha Sanhita 2023/bBy Namit Saxena aGurgaonbLexis Nexisc2024 a14th floor, Building No 10, Tower-B, DLF Cyber City, Phase-ll, bGurgaone122002k+91-124-4774444l+91-124-4774100mhelp.in@lexisnexis.com acx,464p.c24cm(pbk) 2ddccENmSAXh363.35 c205224d205224 001040708NFICaBL4bBL4d2024-08-23eDelivery of Books Act Divisiong825.00l6m3oSAX 363.35pEN-124932q2026-06-13r2026-05-16 15:26:17s2026-05-16t1v825.00w2024-08-23yEN